LEADER 01304cam--2200373---450 001 990003689130203316 005 20200526205456.0 010 $a978-88-370-8993-1 035 $a000368913 035 $aUSA01000368913 035 $a(ALEPH)000368913USA01 035 $a000368913 100 $a20120918d2012----km-y0itay5003----ba 101 0 $aita 102 $aIT 105 $aa|||||||001yy 200 1 $a<> cittą ideale$el'utopia del Rinascimento a Urbino tra Piero della Francesca e Raffaello$fa cura di Alessandro Marchi, Maria Rosaria Valazzi 210 $aMilano$cElecta$d2012 215 $a351 p.$cill.$d26 cm 300 $aCatalogo della mostra tenuta ad Urbino, Galleria nazionale delle Marche, 6 aprile-8 luglio 2012 606 0 $aArte italiana$xTemi [:] Cittą ideale$zSec. 15.-16.$xCataloghi di esposizioni$2BNCF 676 $a704.944 702 1$aMARCHI,$bAlessandro$f<1958- > 702 1$aVALAZZI,$bMaria Rosaria 801 0$aIT$bsalbc$gISBD 912 $a990003689130203316 951 $aXII.2.B. 1733$b236353 L.M.$cXII.2.B.$d00059062 959 $aBK 969 $aUMA 979 $aPASSARO$b90$c20120918$lUSA01$h1321 979 $aPASSARO$b90$c20120918$lUSA01$h1323 979 $aPASSARO$b90$c20120918$lUSA01$h1326 996 $aCittą ideale$91142302 997 $aUNISA LEADER 01401nam a2200361 i 4500 001 991003782179707536 005 20250225155636.0 008 981023s1992 it 001 0 ita 020 $a8820470144 035 $ab11214119-39ule_inst 035 $aPARLA188507$9ExL 040 $aDip.to Scienze Storiche Fil. e Geogr.$bita$dSocioculturale Scs 041 $aita 082 0 $a945.09$223 100 1 $aManacorda, Gastone$0133640 245 13$aIl movimento reale e la coscienza inquieta :$bl'Italia liberale e il socialismo e altri scritti tra storia e memoria /$cGastone Manacorda ; a cura di C. Natoli, L. Rapone, B. Tobia ; testimonianze di N. Badaloni ... [et al.] 260 $aMilano :$bAngeli,$cc1992 300 $a382 p. ;$c22 cm 490 1 $aStudi e ricerche storiche 490 1 $aStoria ;$v159 650 $aLiberalsocialismo$xitalia$y1838-1958 700 1 $aTobia, Bruno 700 1 $aRapone, Leonardo 700 1 $aNatoli, Claudio 700 1 $aBadaloni, Nicola$d<1924-2005> 830 0$aStudi e ricerche storiche 830 0$aStoria ;$v159 907 $a.b11214119$b23-02-17$c01-07-02 912 $a991003782179707536 945 $aLE009 Stor. 69-219$g1$i2009000008564$lle009$o-$pE0.00$q-$rl$s-$t0$u0$v0$w0$x0$y.i11367088$z01-07-02 996 $aMovimento reale e la coscienza inquieta$9101949 997 $aUNISALENTO 998 $ale009$b01-01-98$cm$da$e-$feng$git$h3$i1